Genetika na prahu 21. storočia

Bibliographic Details
Main Author: Hončariv, Robert, 1931- (Author)
Other Authors: Jízdný, Miroslav, 1931- (Illustrator)
Format: Book
Language:Slovak
PhysicalDescription:314 strán grafy, ilustrácie, schémy, tabuľky 21 cm
Published: Bratislava Obzor 1985
Edition:1. vyd.
Series:Malá moderná encyklopédia Ľudstvo na prahu 21. storočia
Subjects:

MARC

LEADER 00000cam a2200000 a 4500
001 vtls001094709
003 SK-MaSNL
005 20260301151322.0
008 230501s1985 xo dal grn 00000dslo
015 |a SNBA1985 
020 |q (viazané) 
035 |a SNK000037551 
035 |a 00FCF6D3-CEF6-4705-819B-9275F6775F35 
035 |a urn:nbn:sk:snk-am00ijca 
040 |a SNK  |b slo  |c SNK  |e AACR2 
041 0 |a slo 
044 |a xo  |c SK 
072 7 |a 575  |x Všeobecná genetika. Všeobecná cytogenetika. Evolúcia  |2 konspekt 
080 |a 575  |2 2011 
080 |a (0.062)  |2 2011 
100 1 |a Hončariv, Robert,  |d 1931-  |4 aut  |9 38018 
245 1 0 |a Genetika na prahu 21. storočia  |c Róbert Hončariv ; [kresby Miroslav Jízdný] 
250 |a 1. vyd. 
260 |a Bratislava  |b Obzor  |c 1985 
300 |a 314 strán  |b grafy, ilustrácie, schémy, tabuľky  |c 21 cm 
366 |e 2000 kusov 
490 1 |a Malá moderná encyklopédia. Ľudstvo na prahu 21. storočia 
500 |a Spoluvydala Socialistická akadémia SSR, Bratislava 
500 |a Ilustrácia na titulnom liste. Slovník pojmov genetiky na strane 300-[312]. Obsahuje biografické údaje o autorovi 
504 |a Bibliografia na strane 313-314 
650 0 7 |a genetika  |2 SNKPH  |9 698 
655 7 |a populárno-náučné publikácie  |2 SNKPH  |9 70460 
700 1 |a Jízdný, Miroslav,  |d 1931-  |4 ill  |9 99696 
710 2 |a Socialistická akadémia SSR  |4 pbl  |9 219052 
830 0 |a Malá moderná encyklopédia  |p Ľudstvo na prahu 21. storočia  |9 509827 
852 |a Slovenská národná knižnica 
954 |a odborná, vedecká literatúra pôvodná (slovenská)  |2 lita 
958 |a RK 
958 |a TL 
958 |a NB 
958 |a OND 
958 |a EUIPO 
999 |c 786293  |d 788223 
952 |t P60, <04>, [BOOK], {604}  |a SNK  |b SNK  |y VYP  |7 0  |p 17A0015613  |o snkSC 63184 D1  |0 0  |1 0  |4 0  |d 1996-10-25  |l 0  |r 2004-12-31 00:00:00  |w 2026-02-24 
952 |a SNK  |b SNK  |y PREZ  |7 0  |p 17A0918241  |o snkSC 63184  |i snkKSP 3439/85  |0 0  |1 0  |4 0  |d 2012-08-07  |f 1  |l 0  |r 2025-06-23 00:00:00  |w 2026-02-24